| 000 | 05779nam a22006857a 4500 | ||
|---|---|---|---|
| 005 | 20080612121729.0 | ||
| 008 | 080611t xxu||||| |||| 00| 0 eng d | ||
| 010 | _aB-271678-711 | ||
| 020 |
_a8187107936 _c165.00 |
||
| 020 |
_a9788187107934 _c165.00 |
||
| 035 | _aB-271678-711 | ||
| 037 | _bEkta Book Distributors / 29.5.08 / 9 / 8.4.08 / 9.6.08 | ||
| 040 |
_aDPL _bEN |
||
| 082 | _aS | ||
| 245 |
_aMagical journey of Arabian Nights / _cedited by Sonalini Dawar |
||
| 260 |
_bOm Books International _c2007 _aNew Delhi |
||
| 260 |
_bEkta Book Distributors _aNew Delhi |
||
| 270 |
_a4379/4B, Prakash House, Ansari Road, Darya Ganj, _bNew Delhi _e110002 |
||
| 270 |
_a4649-B/21, Ansari Road, Darya Ganj, _bNew Delhi _e110002 |
||
| 300 |
_a79p.: _c25 cm (Hb) _bcol. ill. |
||
| 500 | _aLarge print | ||
| 700 | _aDawar, Sonalini Chaudhry | ||
| 942 |
_cCH _hS _2ddc _mMAG |
||
| 999 |
_c13559 _d13559 |
||